000 00362nam a2200145Ia 4500
005 20250401021020.0
008 240331s9999 xx 000 0 und d
082 _bVIS
_a894
100 _aVisvanathan,D
245 0 _aMalayaga shirugathaigal
260 _aChennai
_bDurai Visvanathan
_c1997
300 _a324 p .,
500 _aMalaiyaga Short Stories
942 _cL
999 _c4644
_d4644